Geometría
Guardat en:
| Autors principals: | , |
|---|---|
| Format: | Llibre |
| Idioma: | espanyol |
| Publicat: |
Ciudad de México
Continental
1976
|
| Matèries: | |
| Etiquetes: |
Afegir etiqueta
Sense etiquetes, Sigues el primer a etiquetar aquest registre!
|
MARC
| LEADER | 00000nam a2200000 a 4500 | ||
|---|---|---|---|
| 001 | UCQ9434 | ||
| 003 | CL-VaPUC | ||
| 008 | 990112e19760000MX |||||||||||||||||spa|d | ||
| 082 | 0 | 4 | |a 516 |b PIC |2 21 |
| 100 | 0 | |a Pichaud, Joëlle |e author |9 423973 | |
| 700 | 0 | |a Revuz, André |e author |9 423974 | |
| 245 | 1 | 0 | |a Geometría |
| 300 | |a 376 p | ||
| 942 | |c BK | ||
| 945 | |d 19990112 00:00:00 |a crobeson | ||
| 260 | |a Ciudad de México |b Continental |c 1976 | ||
| 650 | 0 | |a Geometría |9 264063 | |
| 650 | 7 | |a GEOMETRIA AFIN |2 CL-VaPUC |9 271228 | |
| 650 | 7 | |a GEOMETRIA EUCLIDEA |2 CL-VaPUC |9 359752 | |
| 650 | 0 | |a Espacios vectoriales |9 21 | |
| 650 | 7 | |a DETERMINANTES |2 CL-VaPUC |9 423975 | |
| 583 | |a last modification |c 19990112 00:00:00 |k Rodrigo Vera | ||
| 999 | |c 278441 |d 278439 | ||
| 952 | |0 0 |1 0 |4 0 |6 516_000000000000000_PIC_1976 |7 0 |8 A |9 316977 |a BIBMAT |b BIBMAT |d 2019-11-20 |i 1314351 |o 516 PIC 1976 |p 1314351 |r 2025-01-07 |w 2019-11-20 |y BK |k MAT | ||
| 952 | |0 0 |1 0 |4 0 |6 516_000000000000000_PIC_1976 |7 0 |8 A |9 316978 |a BIBMAT |b BIBMAT |d 2019-11-20 |i 131436K |o 516 PIC 1976 |p 131436K |r 2025-01-07 |w 2019-11-20 |y BK |k MAT | ||